Những quy định quản lý tài chính văn hóa - thông tin
Na minha lista:
| Autor principal: | |
|---|---|
| Formato: | Livro |
| Idioma: | Undetermined |
| Publicado em: |
Hà Nội
Hà Nội
2001
|
| Assuntos: | |
| Tags: |
Adicionar Tag
Sem tags, seja o primeiro a adicionar uma tag!
|
| Thư viện lưu trữ: | Trung tâm Học liệu Trường Đại học Cần Thơ |
|---|
| LEADER | 00558nam a2200169Ia 4500 | ||
|---|---|---|---|
| 001 | CTU_46599 | ||
| 008 | 210402s9999 xx 000 0 und d | ||
| 082 | |a 658.151 | ||
| 082 | |b B450/T2 | ||
| 100 | |a BỘ VĂN HÓA - THÔNG TIN | ||
| 245 | 0 | |a Những quy định quản lý tài chính văn hóa - thông tin | |
| 245 | 0 | |c BỘ VĂN HÓA - THÔNG TIN | |
| 260 | |a Hà Nội | ||
| 260 | |b Hà Nội | ||
| 260 | |c 2001 | ||
| 650 | |a financial management,managerial accounting | ||
| 980 | |a Trung tâm Học liệu Trường Đại học Cần Thơ | ||